Countries of Europe by First 3 Letters - Statistics

General Stats
  • This quiz has been taken 5,174 times
  • The average score is 38 of 45
Answer Stats
No. Answer % Correct
4 Belarus
95%
5 Belgium
95%
13 France
92%
14 Germany
92%
41 Sweden
92%
12 Finland
91%
31 Norway
91%
40 Spain
91%
44 United Kingdom
90%
1 Albania
88%
2 Andorra
88%
18 Ireland
88%
28 Monaco
88%
29 Montenegro
88%
33 Portugal
88%
15 Greece
87%
19 Italy
87%
38 Slovakia
87%
39 Slovenia
87%
3 Austria
86%
10 Denmark
86%
21 Latvia
86%
23 Lithuania
86%
17 Iceland
85%
11 Estonia
84%
32 Poland
84%
35 Russia
84%
24 Luxembourg
83%
30 Netherlands
83%
45 Vatican City
83%
8 Croatia
82%
42 Switzerland
82%
16 Hungary
81%
9 Czech Republic
80%
7 Bulgaria
79%
34 Romania
79%
43 Ukraine
79%
6 Bosnia and Herzegovina
78%
37 Serbia
78%
36 San Marino
77%
22 Liechtenstein
75%
26 Malta
75%
20 Kosovo
73%
27 Moldova
72%
25 Macedonia
70%
No matching quizzes found
Score Distribution
Percent of People with Each Score
Percentile by Number Answered
Your Score History
You have not taken this quiz